دور المصارف الاسلاميه في تمويل قطاع الاسكان دراسة مقارنه (المصرف العراقي الاسلامي للاستثمار والتنميه، البنك الاسلامي الاردني=The Role of Islamic Banks in Financing Housing Sector A Comparative Study (Iragi Islamic Bank For Inestment and Development . Jordan Islamic (Record no. 29708)
[ view plain ]
| 000 -LEADER | |
|---|---|
| fixed length control field | 01453nam a2200241Ii 4500 |
| 003 - CONTROL NUMBER IDENTIFIER | |
| control field | JO-AjNU |
| 005 - DATE AND TIME OF LATEST TRANSACTION | |
| control field | 20240624094515.0 |
| 008 - FIXED-LENGTH DATA ELEMENTS--GENERAL INFORMATION | |
| fixed length control field | 230605s9999||||xx |||||||||||||| ||und|| |
| 040 ## - CATALOGING SOURCE | |
| Original cataloging agency | JO-AjNU |
| Language of cataloging | ara |
| Description conventions | rda |
| Transcribing agency | JO-AjNU |
| 041 ## - LANGUAGE CODE | |
| Language code of text/sound track or separate title | ara |
| 050 14 - LIBRARY OF CONGRESS CALL NUMBER | |
| Classification number | BP173.75.2017 |
| 100 #1 - MAIN ENTRY--PERSONAL NAME | |
| Personal name | الجنابي، صاحب عبد مرزوك |
| Relator term | معد |
| 9 (RLIN) | 58886 |
| 245 00 - TITLE STATEMENT | |
| Title | دور المصارف الاسلاميه في تمويل قطاع الاسكان دراسة مقارنه (المصرف العراقي الاسلامي للاستثمار والتنميه، البنك الاسلامي الاردني=The Role of Islamic Banks in Financing Housing Sector A Comparative Study (Iragi Islamic Bank For Inestment and Development . Jordan Islamic |
| Statement of responsibility, etc. | اعداد سعد صاحب عبد مرزوك الجنابي ؛ إشراف محمد عبد الكريم المومني |
| 260 ## - PUBLICATION, DISTRIBUTION, ETC. | |
| Date of publication, distribution, etc. | 2017 |
| 300 ## - PHYSICAL DESCRIPTION | |
| Extent | 104 ورقة |
| 336 ## - CONTENT TYPE | |
| Content type term | text |
| Content type code | txt |
| Source | rdacontent |
| 337 ## - MEDIA TYPE | |
| Media type term | unmediated |
| Media type code | n |
| Source | rdamedia |
| 338 ## - CARRIER TYPE | |
| Carrier type term | volume |
| Carrier type code | nc |
| Source | rdacarrier |
| 500 #0 - GENERAL NOTE | |
| General note | رساله جامعيه (ماجستير في المصارف الاسلاميه) - جامعة عجلون الوطنيه (عجلون ، الاردن) ، كلية ادارة الاعمال ، قسم المصارف الاسلاميه ، 2017 |
| 650 #4 - SUBJECT ADDED ENTRY--TOPICAL TERM | |
| Topical term or geographic name entry element | المصارف الاسلاميه-تمويل- الاردن- العراق |
| 9 (RLIN) | 58234 |
| 700 ## - ADDED ENTRY--PERSONAL NAME | |
| Personal name | المومني، محمد عبدالكريم |
| 9 (RLIN) | 65206 |
| Relator term | مشرف |
| 942 ## - ADDED ENTRY ELEMENTS (KOHA) | |
| Source of classification or shelving scheme | Library of Congress Classification |
| Koha item type | Thesis |
| Withdrawn status | Lost status | Source of classification or shelving scheme | Damaged status | Not for loan | Home library | Current library | Shelving location | Date acquired | Total Checkouts | Full call number | Barcode | Date last seen | Price effective from | Koha item type |
|---|---|---|---|---|---|---|---|---|---|---|---|---|---|---|
| Library of Congress Classification | مكتبة جامعة عجلون الوطنية | مكتبة جامعة عجلون الوطنية | المراجع | 24/06/2024 | BP173.75.2017 | A26140 | 06/06/2023 | 24/06/2024 | Thesis | |||||
| Library of Congress Classification | مكتبة جامعة عجلون الوطنية | مكتبة جامعة عجلون الوطنية | المراجع | 24/06/2024 | BP173.75.2017 | a26141 | 24/06/2024 | 24/06/2024 | Thesis |